| Tag |
First Indicator |
Second Indicator |
Subfields |
| LEADER |
00000cam a2200000 4500 |
| 001 |
in00000060990 |
| 005 |
20151008051051.0 |
| 008 |
750708c19581946 eng u |
| 035 |
|
|
|a (OCoLC)01435398
|
| 035 |
|
|
|9 AAG5460AM
|
| 040 |
|
|
|c YYP
|d AKM
|d TXA
|d UtOrBLW
|
| 041 |
1 |
|
|a eng
|a ger
|
| 049 |
|
|
|a TXAM
|c [293770]
|
| 082 |
0 |
|
|a 291.37
|
| 090 |
|
|
|a GN473
|b .R4 1958
|
| 092 |
|
|
|a 201.6
|b R361r 1958
|
| 100 |
1 |
|
|a Reik, Theodor,
|d 1888-1969.
|
| 245 |
1 |
0 |
|a Ritual ;
|b psycho-analytic studies /
|c by Theodor Reik; with a preface by Sigm. Freud; translated from the second German edition by Douglas Bryan.
|
| 264 |
|
1 |
|a New York :
|b International Universities Press,
|c [1958]
|
| 264 |
|
4 |
|c [©1946]
|
| 300 |
|
|
|a 367 pages :
|b illustrations ;
|c 23 cm.
|
| 336 |
|
|
|a text
|b txt
|2 rdacontent
|
| 337 |
|
|
|a unmediated
|b n
|2 rdamedia
|
| 338 |
|
|
|a volume
|b nc
|2 rdacarrier
|
| 504 |
|
|
|a Bibliographical footnotes.
|
| 650 |
|
0 |
|a Psychology, Religious.
|
| 650 |
|
0 |
|a Rites and ceremonies.
|
| 999 |
|
|
|a MARS
|
| 999 |
f |
f |
|s 0b81a38e-e66e-3dcf-b8b9-68d9163e1a58
|i 3570a228-d4a3-3587-be27-25a48f21093e
|t 0
|
| 952 |
f |
f |
|p ric
|a Texas A&M University
|b Rellis Campus
|c Joint Library Facility
|d Remote Storage
|t 0
|e GN473 .R4 1958
|h Library of Congress classification
|i unmediated -- volume
|m A14800598767
|
| 998 |
f |
f |
|a GN473 .R4 1958
|t 0
|l Remote Storage
|